[Event "European Rapid 2017"]
[Site "Katowice POL"]
[Date "2017.12.17"]
[Round "7.58"]
[White "Kreisl, Robert"]
[Black "Smolka, Marcin"]
[Result "1-0"]
[WhiteTitle "IM"]
[WhiteElo "2440"]
[BlackElo "2178"]
[WhiteFideId "1613880"]
[BlackFideId "1139681"]
[EventDate "2017.12.16"]

1. d4 d5 2. Nc3 Nf6 3. Bf4 c5 4. e3 a6 5. dxc5 e6 6. Na4 Qa5+ 7. c3 Bxc5 8. Nxc5
Qxc5 9. Nf3 Nc6 10. Be2 O-O 11. O-O Re8 12. Ne5 Ne4 13. Bd3 Nxe5 14. Bxe5 f6 15.
Bg3 e5 16. Qc2 Bf5 17. Rad1 Nxg3 18. hxg3 Bxd3 19. Rxd3 Rad8 20. Rfd1 b5 21. Qb3
Qc4 22. Rxd5 Qxb3 23. axb3 Rxd5 24. Rxd5 Kf7 25. Rd6 Ra8 26. g4 a5 27. Kf1 b4
28. Rb6 Rc8 29. c4 Rd8 30. Ke2 e4 31. Ra6 Rd3 32. Rxa5 Rxb3 33. Ra2 Ke6 34. Kd2
Rd3+ 35. Kc1 Kd6 36. Ra8 Ke6 37. Re8+ Kd6 38. Rxe4 Kc5 39. Kc2 Rd7 40. Rf4 Rd6
41. Rf5+ Kc6 42. Rb5 Re6 43. Kd3 Rd6+ 44. Ke2 Re6 45. Rxb4 Kc5 46. Rb7 g5 47. b3
Ra6 48. Rxh7 Rb6 49. Rc7+ Kb4 50. c5 Rb8 51. c6 Kc5 52. Rf7 1-0

[Event "European Rapid 2017"]
[Site "Katowice POL"]
[Date "2017.12.17"]
[Round "7.59"]
[White "Bus, Konrad"]
[Black "Kanarek, Marcel"]
[Result "1/2-1/2"]
[BlackTitle "GM"]
[WhiteElo "2237"]
[BlackElo "2505"]
[WhiteFideId "1148362"]
[BlackFideId "1126822"]
[EventDate "2017.12.16"]

1. d4 Nf6 2. Nf3 g6 3. g3 Bg7 4. Bg2 O-O 5. O-O c6 6. b3 d5 7. Bb2 a5 8. a3 Bf5
9. Nbd2 Nbd7 10. c4 b5 11. h3 Ne4 12. Nh4 Nxd2 13. Qxd2 Be6 14. c5 h6 15. f4 Nf6
16. f5 Bxf5 17. Nxf5 gxf5 18. Rxf5 Ne4 19. Bxe4 dxe4 20. d5 Bxb2 21. Qxh6 Bf6
22. Rg5+ Bxg5 23. Qxg5+ Kh7 24. Qh5+ 1/2-1/2

[Event "European Rapid 2017"]
[Site "Katowice POL"]
[Date "2017.12.17"]
[Round "7.60"]
[White "Obrusnik, Michal"]
[Black "Kourousis, Epaminondas"]
[Result "0-1"]
[WhiteTitle "FM"]
[BlackTitle "IM"]
[WhiteElo "2268"]
[BlackElo "2393"]
[WhiteFideId "1136674"]
[BlackFideId "4211626"]
[EventDate "2017.12.16"]

1. e4 c6 2. Nc3 d5 3. Nf3 dxe4 4. Nxe4 Nf6 5. Ng3 g6 6. Bc4 Bg7 7. d4 O-O 8. O-O
Bg4 9. c3 Nbd7 10. h3 Bxf3 11. Qxf3 e6 12. h4 h6 13. Bb3 a5 14. Re1 a4 15. Bc2
Qa5 16. Bf4 Rfe8 17. Ne4 Nxe4 18. Qxe4 Nf6 19. Qf3 Qd5 20. Qd3 Red8 21. Bc7 Rdc8
22. Be5 Nd7 23. Bf4 c5 24. Be3 cxd4 25. cxd4 Nb6 26. b3 Qf5 27. bxa4 Rxc2 0-1

[Event "European Rapid 2017"]
[Site "Katowice POL"]
[Date "2017.12.17"]
[Round "7.61"]
[White "Djuric, Stefan"]
[Black "Kumala, Aleksander"]
[Result "0-1"]
[WhiteTitle "GM"]
[WhiteElo "2383"]
[BlackElo "2220"]
[WhiteFideId "900133"]
[BlackFideId "1141880"]
[EventDate "2017.12.16"]

1. e4 e5 2. Nf3 Nc6 3. Bb5 a6 4. Ba4 f5 5. d3 fxe4 6. dxe4 Nf6 7. O-O Bc5 8. Bb3
d6 9. c3 Qe7 10. Bg5 Bg4 11. h3 Bh5 12. Qd3 h6 13. Bxf6 Qxf6 14. Nbd2 g5 15. Nh2
Ne7 16. Ba4+ b5 17. b4 Bb6 18. Bd1 Bxd1 19. Raxd1 h5 20. c4 O-O 21. Ndf3 bxc4
22. Qxc4+ Kg7 23. Qc1 Kg6 24. Rd3 Qf4 25. Qd1 Kg7 26. Kh1 g4 27. Ng1 Qxe4 28.
hxg4 hxg4 29. Rg3 Ng6 30. Rxg4 Rf4 31. Nh3 Rxg4 32. Nxg4 Rh8 33. f3 Qxb4 34. Qc1
Qf4 35. Qc6 Qf7 36. a4 a5 37. Nh2 Nf4 38. Qe4 Qh5 39. Qc2 Nxh3 40. gxh3 Qxh3 41.
Qe2 Rh4 42. f4 Bd4 43. fxe5 Bxe5 44. Rg1+ Kh8 45. Rg2 Qxh2+ 0-1

[Event "European Rapid 2017"]
[Site "Katowice POL"]
[Date "2017.12.17"]
[Round "7.62"]
[White "Marczuk, Dominik"]
[Black "Licznerski, Lukasz"]
[Result "1/2-1/2"]
[BlackTitle "FM"]
[WhiteElo "2278"]
[BlackElo "2267"]
[WhiteFideId "1111264"]
[BlackFideId "1179250"]
[EventDate "2017.12.16"]

1. e4 c6 2. d4 d5 3. Nc3 dxe4 4. Nxe4 Nd7 5. Bc4 Ngf6 6. Ng5 e6 7. Qe2 Nb6 8.
Bd3 h6 9. N5f3 c5 10. Be3 Nbd5 11. Ne5 a6 12. Ngf3 cxd4 13. Bxd4 Nf4 14. Qf1
Qa5+ 15. c3 Nxd3+ 16. Qxd3 Be7 17. Nxf7 Kxf7 18. Ne5+ Kg8 19. Qg6 Qd8 20. Qf7+
Kh7 21. Qg6+ Kg8 1/2-1/2

[Event "European Rapid 2017"]
[Site "Katowice POL"]
[Date "2017.12.17"]
[Round "7.63"]
[White "Polivanov, Anatoliy"]
[Black "Jarmula, Lukasz"]
[Result "1-0"]
[WhiteTitle "IM"]
[BlackTitle "IM"]
[WhiteElo "2383"]
[BlackElo "2463"]
[WhiteFideId "14109468"]
[BlackFideId "1160664"]
[EventDate "2017.12.16"]

1. d4 Nf6 2. c4 e6 3. Nc3 Bb4 4. Nf3 d5 5. Qb3 c5 6. dxc5 Qa5 7. Bd2 Nc6 8. a3
d4 9. Nb5 Bxd2+ 10. Nxd2 O-O 11. Qd1 e5 12. g3 e4 13. b4 Qd8 14. Bg2 Qe7 15. Nb3
d3 16. O-O Ne5 17. exd3 Bg4 18. Qc1 Be2 19. dxe4 Bxc4 20. N3d4 Bxf1 21. Qxf1 a5
22. Nf5 Qd8 23. Rd1 Qb8 24. f4 axb4 25. fxe5 Qxe5 26. axb4 Ra4 27. Qf4 Qb2 28.
Nbd6 Ra2 29. Ne7+ Kh8 30. Nxf7+ 1-0

[Event "European Rapid 2017"]
[Site "Katowice POL"]
[Date "2017.12.17"]
[Round "7.64"]
[White "Batsiashvili, Nino"]
[Black "Kaleta, Blazej"]
[Result "0-1"]
[WhiteTitle "IM"]
[WhiteElo "2502"]
[BlackElo "2110"]
[WhiteFideId "13602993"]
[BlackFideId "1170252"]
[EventDate "2017.12.16"]

1. d4 d5 2. Bf4 Nf6 3. e3 e6 4. Nd2 c5 5. c3 Nc6 6. Ngf3 Be7 7. Bd3 a6 8. O-O
O-O 9. Ne5 Nxe5 10. dxe5 Nd7 11. e4 c4 12. Bc2 Nc5 13. exd5 Qxd5 14. Qe2 Nd3 15.
Bg3 b5 16. Nf3 Bb7 17. Rad1 Rfd8 18. Rd2 Qe4 19. Qd1 Qg6 20. b3 Be4 21. Qe2 Nc5
22. Bxe4 Qxe4 23. Nd4 cxb3 24. axb3 Qxe2 25. Rxe2 Rxd4 26. cxd4 Nxb3 27. Rd1 a5
28. d5 exd5 29. Rxd5 a4 30. Bf4 a3 31. Ra2 b4 32. Kf1 Na5 33. Bc1 b3 34. Rxa3
Bxa3 35. Bxa3 Nc4 36. Rb5 Nxa3 37. Rxb3 Nc4 38. Rb5 g6 39. Ke2 Re8 40. f4 Nd6
41. Rd5 Nf5 42. Kf3 h5 43. Rd3 Ra8 44. g3 Ra2 45. Rd8+ Kg7 46. Rd7 Kf8 47. Rd8+
Ke7 48. Rb8 Rxh2 49. Rb7+ Kf8 50. Rb8+ Kg7 51. Rb7 Ra2 52. e6 Nd4+ 53. Ke4 Nxe6
54. Rb4 Ra4 0-1

[Event "European Rapid 2017"]
[Site "Katowice POL"]
[Date "2017.12.17"]
[Round "7.65"]
[White "Wieczorek, Oskar"]
[Black "Kutynec, Vladimir"]
[Result "1-0"]
[WhiteTitle "IM"]
[BlackTitle "IM"]
[WhiteElo "2463"]
[BlackElo "2270"]
[WhiteFideId "1133950"]
[BlackFideId "4119843"]
[EventDate "2017.12.16"]

1. e4 c5 2. Nf3 Nc6 3. d4 cxd4 4. Nxd4 g6 5. c4 Nf6 6. Nc3 Nxd4 7. Qxd4 d6 8.
Be3 Bg7 9. f3 O-O 10. Qd2 Be6 11. Be2 Qa5 12. Rc1 Rfc8 13. b3 h5 14. O-O a6 15.
f4 b5 16. f5 b4 17. fxe6 bxc3 18. exf7+ Kf8 19. Qxc3 Qxc3 20. Rxc3 a5 21. Rc2
Nd7 22. g4 hxg4 23. Bxg4 Rc7 24. Bxd7 Rxd7 25. Rg2 Bf6 26. Bg5 Kxf7 27. Bxf6
exf6 28. Rgf2 Re8 29. Rxf6+ Kg7 30. R6f4 a4 31. Rd1 axb3 32. axb3 Rb8 33. c5
Rxb3 34. cxd6 g5 35. Rf5 Kg6 36. Rdd5 Rb2 37. Rxg5+ Kf6 38. Rdf5+ Ke6 39. Rg6# 1-0

[Event "European Rapid 2017"]
[Site "Katowice POL"]
[Date "2017.12.17"]
[Round "7.66"]
[White "Dorokhin, Mykhailo"]
[Black "D'Costa, Lorin A R"]
[Result "1-0"]
[BlackTitle "IM"]
[WhiteElo "2243"]
[BlackElo "2391"]
[WhiteFideId "14114178"]
[BlackFideId "409219"]
[EventDate "2017.12.16"]

1. e4 c5 2. Nc3 Nc6 3. d3 g6 4. Be3 d6 5. h4 Nf6 6. Be2 h5 7. Nd5 Bg7 8. Nxf6+
Bxf6 9. Qc1 b6 10. Bg5 Bg7 11. Nh3 Qd7 12. c3 Bb7 13. Qd2 O-O-O 14. O-O-O d5 15.
Kb1 Kb8 16. Rhg1 Ka8 17. Qc2 Ne5 18. f3 Nc6 19. Qa4 Be5 20. Nf4 d4 21. Nd5 Kb8
22. Bf4 Bxf4 23. Nxf4 Qd6 24. g3 Rdg8 25. Qb3 e6 26. Nh3 f6 27. f4 e5 28. Rdf1
Bc8 29. Rh1 Be6 30. Qc2 dxc3 31. bxc3 c4 32. fxe5 fxe5 33. Ng5 Rf8 34. dxc4 Qe7
35. c5 bxc5 36. Nxe6 Qxe6 37. Qb3+ Qxb3+ 38. axb3 Kc7 39. Kc2 Kb6 40. Bc4 Ne7
41. Be6 Kc6 42. Kd3 Kd6 43. Bf7 Rh7 44. Rf6+ Kc7 45. Rhf1 Rg7 46. Kc4 g5 47.
Kxc5 gxh4 48. gxh4 Rg4 49. Re6 Nc8 50. Bxh5 Rxf1 51. Bxg4 Rf4 52. Rc6+ 1-0

[Event "European Rapid 2017"]
[Site "Katowice POL"]
[Date "2017.12.17"]
[Round "7.67"]
[White "Pulpan, Jakub"]
[Black "Piotrowski, Przemyslaw"]
[Result "1-0"]
[WhiteTitle "IM"]
[WhiteElo "2400"]
[BlackElo "2314"]
[WhiteFideId "302759"]
[BlackFideId "1127063"]
[EventDate "2017.12.16"]

1. e4 c5 2. Nf3 d6 3. d4 cxd4 4. Nxd4 Nf6 5. Nc3 Nc6 6. Bg5 e6 7. Qd2 a6 8.
O-O-O Bd7 9. f4 b5 10. Bxf6 gxf6 11. Kb1 Qb6 12. Nxc6 Bxc6 13. Qe1 Ra7 14. Bd3
Qc5 15. f5 b4 16. Ne2 e5 17. Ng3 h5 18. h4 Ke7 19. Qe2 Bh6 20. Nxh5 Be3 21. Qg4
a5 22. Qg7 Rxh5 23. g4 Rh6 24. g5 fxg5 25. Qxh6 g4 26. f6+ Kd8 27. Qf8+ Be8 28.
h5 b3 29. cxb3 a4 30. Rc1 Bxc1 31. Rxc1 Qb6 32. h6 axb3 33. h7 Rc7 34. Qe7+ Rxe7
35. fxe7+ Kxe7 36. h8=Q Qe3 37. Qh4+ Kf8 38. Bc4 Bb5 39. Bxb3 Bd3+ 40. Bc2 Bxc2+
41. Rxc2 Qxe4 42. Qd8+ Kg7 43. Qxd6 g3 44. Qd2 Kh7 45. Qg2 Qf4 46. Rc3 Qf5+ 47.
Qc2 1-0

[Event "European Rapid 2017"]
[Site "Katowice POL"]
[Date "2017.12.17"]
[Round "7.68"]
[White "Pappelis, Dimitrios"]
[Black "Maier, Christian"]
[Result "0-1"]
[BlackTitle "IM"]
[WhiteElo "2114"]
[BlackElo "2393"]
[WhiteFideId "4215281"]
[BlackFideId "4601955"]
[EventDate "2017.12.16"]

1. c4 Nf6 2. Nc3 e5 3. Nf3 Nc6 4. e3 Bb4 5. Qc2 O-O 6. a3 Bxc3 7. dxc3 e4 8. Nd4
Re8 9. Be2 d6 10. O-O Bd7 11. Bd2 Qe7 12. Rae1 Ne5 13. f4 exf3 14. Bxf3 Nxc4 15.
e4 Nxd2 16. Qxd2 Qe5 17. Kh1 Rad8 18. Qf2 c5 19. Nc2 Bb5 20. Rg1 Bc6 21. Rgf1
Qg5 22. Ne3 Bxe4 23. Bxe4 Rxe4 24. Nf5 Rxe1 25. Rxe1 Ng4 26. Qf3 Ne5 27. Qe4 g6
28. Ne3 Rd7 29. Nc4 Kg7 30. h4 Qf6 31. Nxd6 Rxd6 32. Qxe5 b6 33. b4 Rd3 34.
Qxf6+ Kxf6 35. Rc1 Kf5 36. a4 Kg4 37. a5 f5 38. Kh2 Kxh4 39. bxc5 bxc5 40. Rb1
Rxc3 41. Rb7 h5 42. Rxa7 Ra3 43. a6 g5 44. Ra8 Kg4 45. a7 Ra2 46. Rc8 Rxa7 47.
Rxc5 Ra2 48. Rc4+ f4 49. Rb4 Re2 50. Ra4 h4 51. Kg1 Kg3 52. Ra3+ Re3 53. Ra1 g4
54. Kh1 h3 55. Kg1 hxg2 56. Ra3 Kf3 0-1

[Event "European Rapid 2017"]
[Site "Katowice POL"]
[Date "2017.12.17"]
[Round "7.69"]
[White "Sadzikowski, Daniel"]
[Black "Slabek, Grzegorz"]
[Result "1-0"]
[WhiteTitle "GM"]
[WhiteElo "2584"]
[BlackElo "1956"]
[WhiteFideId "1132253"]
[BlackFideId "1105531"]
[EventDate "2017.12.16"]

1. d4 d5 2. c4 c6 3. Nc3 Nf6 4. Nf3 e6 5. Bg5 Be7 6. e3 h6 7. Bh4 O-O 8. Rc1 b6
9. Bd3 Bb7 10. O-O Nbd7 11. Qe2 c5 12. Rfd1 dxc4 13. Bxc4 cxd4 14. Nxd4 Nd5 15.
Bxd5 exd5 16. Bxe7 Qxe7 17. Qg4 Ne5 18. Qg3 Qf6 19. Qf4 Qxf4 20. exf4 Nc4 21. b3
Nd6 22. f3 Rac8 23. Kf2 Rc5 24. Na4 Rxc1 25. Rxc1 Rc8 26. Rxc8+ Nxc8 27. Nc3 Kf8
28. g4 g6 29. h4 Ke7 30. f5 g5 31. hxg5 hxg5 32. f4 gxf4 33. Kf3 f6 34. Kxf4 Nd6
35. g5 fxg5+ 36. Kxg5 Nf7+ 37. Kg6 Ne5+ 38. Kg7 Ng4 39. Nce2 Bc8 40. Nf4 Bd7 41.
f6+ Nxf6 42. Ng6+ Kd6 43. Kxf6 Kc5 44. Ke5 Kb4 45. Kxd5 Ka3 46. Ne5 Be8 47. Kc4
Kxa2 48. Kc3 a5 49. Nc4 Bf7 50. Nxb6 Bxb3 51. Nxb3 a4 52. Nd2 Ka1 53. Kc2 Ka2
54. Nbc4 Ka1 55. Nd6 Ka2 56. Nb5 1-0

[Event "European Rapid 2017"]
[Site "Katowice POL"]
[Date "2017.12.17"]
[Round "7.70"]
[White "Pultinevicius, Paulius"]
[Black "Zylka, Stanislaw"]
[Result "1-0"]
[WhiteTitle "IM"]
[BlackTitle "FM"]
[WhiteElo "2371"]
[BlackElo "2336"]
[WhiteFideId "12809390"]
[BlackFideId "1189654"]
[EventDate "2017.12.16"]

1. e4 c5 2. Ne2 e6 3. Nbc3 Nc6 4. g3 a6 5. Bg2 Qc7 6. O-O d6 7. d3 Be7 8. Be3
Nf6 9. h3 O-O 10. f4 b5 11. g4 b4 12. Nb1 Nd7 13. Nd2 Bb7 14. g5 f5 15. Ng3 Rae8
16. c3 a5 17. a3 bxc3 18. bxc3 Ba6 19. c4 Rb8 20. Re1 fxe4 21. Ndxe4 Nd4 22.
Bxd4 cxd4 23. Qg4 Kh8 24. Qxe6 Rbe8 25. Qg4 d5 26. cxd5 Bxd3 27. Rac1 Qa7 28.
Nf2 Ba6 29. Rc6 Bc5 30. Rxe8 Rxe8 31. Rxa6 Qxa6 32. Qxd7 Qc8 33. Qb5 Bxa3 34.
Nd3 Bd6 35. Ne4 Bb8 36. d6 Rd8 37. Qd5 Qc2 38. Ne5 Qc1+ 39. Bf1 Qe3+ 40. Kg2
Qxf4 41. Nf7+ Kg8 42. Nxd8+ Kh8 43. Nf7+ Kg8 44. Nh6+ 1-0

[Event "European Rapid 2017"]
[Site "Katowice POL"]
[Date "2017.12.17"]
[Round "7.71"]
[White "Kazakovskiy, Valeriy"]
[Black "Nowicki, Bartosz"]
[Result "1-0"]
[WhiteTitle "IM"]
[WhiteElo "2422"]
[BlackElo "2284"]
[WhiteFideId "13507443"]
[BlackFideId "1179730"]
[EventDate "2017.12.16"]

1. d4 f5 2. Bg5 g6 3. Nc3 Bg7 4. h4 h6 5. Bf4 Nf6 6. Qd2 d6 7. O-O-O e6 8. f3
Nh5 9. Be3 Ng3 10. Rh2 Qf6 11. Bf2 Nxf1 12. Rxf1 Nc6 13. Nb5 Qf7 14. e4 a6 15.
Nc3 Bd7 16. Nge2 O-O-O 17. Rhh1 Rhf8 18. Be3 Rh8 19. Rd1 Kb8 20. Kb1 e5 21. d5
Ne7 22. Nc1 f4 23. Bf2 g5 24. Nb3 c5 25. dxc6 Bxc6 26. Na5 d5 27. Nxc6+ bxc6 28.
Qe2 d4 29. Qxa6 Nc8 30. Na4 Qb7 31. Qxb7+ Kxb7 32. c3 Kc7 33. Nc5 Rd6 34. cxd4
exd4 35. Nd3 Nb6 36. hxg5 hxg5 37. Rxh8 Bxh8 38. Rh1 Bg7 39. Rh7 Rd7 40. Nc5 1-0

[Event "European Rapid 2017"]
[Site "Katowice POL"]
[Date "2017.12.17"]
[Round "7.72"]
[White "Tate, Alan"]
[Black "Chernyak, Viktoria"]
[Result "0-1"]
[WhiteTitle "FM"]
[BlackTitle "WFM"]
[WhiteElo "2358"]
[BlackElo "2196"]
[WhiteFideId "2401878"]
[BlackFideId "24165956"]
[EventDate "2017.12.16"]

1. d4 Nf6 2. Bf4 e6 3. e3 d5 4. Nf3 c5 5. c3 Nc6 6. Nbd2 Be7 7. h3 O-O 8. Bd3 b6
9. Ne5 Bb7 10. Qf3 Nxe5 11. dxe5 Ne8 12. Qh5 g6 13. Qh6 d4 14. exd4 cxd4 15. c4
Ng7 16. h4 Nf5 17. Bxf5 exf5 18. O-O-O Re8 19. e6 f6 20. Bg3 Bf8 21. Qf4 Rxe6
22. h5 Bd6 23. Qh4 g5 24. Qh3 g4 25. Qh2 Rc8 26. Rhe1 Rxe1 27. Rxe1 Bb4 28. Bf4
b5 29. a3 Bf8 30. c5 Rxc5+ 31. Kb1 d3 32. Qg3 Rc2 33. Qe3 Qd5 34. Bh6 Qe5 35.
Qxe5 fxe5 36. Bxf8 Kxf8 37. Rxe5 Rxd2 38. Rxf5+ Ke7 0-1

[Event "European Rapid 2017"]
[Site "Katowice POL"]
[Date "2017.12.17"]
[Round "7.73"]
[White "Vykouk, Jan"]
[Black "Dzierzak, Radoslaw"]
[Result "1-0"]
[WhiteTitle "FM"]
[WhiteElo "2435"]
[BlackElo "2237"]
[WhiteFideId "349658"]
[BlackFideId "1161407"]
[EventDate "2017.12.16"]

1. e4 c6 2. d3 d5 3. Nd2 e5 4. g3 Nf6 5. Bg2 Bd6 6. Ngf3 O-O 7. O-O Re8 8. Nh4
Bg4 9. Qe1 Na6 10. h3 Bd7 11. a3 Nc5 12. b4 Na4 13. Nb3 dxe4 14. dxe4 c5 15. Nf5
Bb5 16. Na5 Bxf1 17. Nxb7 Qc7 18. Nbxd6 Bxg2 19. Nxe8 Rxe8 20. Kxg2 Qc6 21. f3
g6 22. Ne3 Rd8 23. c4 Rd3 24. Qe2 Qd6 25. Nd5 Nxd5 26. cxd5 c4 27. Qf2 Nc3 28.
Bh6 Nb5 29. Qc5 Qxc5 30. bxc5 f5 31. a4 Nd4 32. c6 Nxc6 33. dxc6 Rd6 34. Be3
Rxc6 35. Bxa7 c3 36. Be3 Kf7 37. a5 Ra6 38. Bb6 1-0

[Event "European Rapid 2017"]
[Site "Katowice POL"]
[Date "2017.12.17"]
[Round "7.74"]
[White "Stabulnieks, Klavs"]
[Black "Saraci, Nderim"]
[Result "0-1"]
[BlackTitle "FM"]
[WhiteElo "2181"]
[BlackElo "2398"]
[WhiteFideId "11603984"]
[BlackFideId "6351921"]
[EventDate "2017.12.16"]

1. d4 Nf6 2. c4 e6 3. Nc3 d5 4. cxd5 exd5 5. Bg5 c6 6. e3 Be7 7. Bd3 Nbd7 8. Qc2
h6 9. Bh4 Nh5 10. Bxe7 Qxe7 11. Nge2 Nb6 12. O-O Bg4 13. Bf5 Bxe2 14. Qxe2 Nf6
15. Rab1 a5 16. Qc2 O-O 17. Rfc1 Rfe8 18. h3 Nc4 19. Na4 Ne4 20. Bxe4 Qxe4 21.
Nc5 Qxc2 22. Rxc2 Re7 23. Rc3 Rae8 24. b3 Na3 25. Rb2 Nb5 26. Rc1 Nd6 27. Rbb1
g6 28. b4 Ra8 29. bxa5 Rxa5 30. a4 Ra7 31. Rb4 Nc4 32. Rcb1 Nd6 33. g3 Kf8 34.
Kg2 Ke8 35. g4 Kd8 36. h4 Kc7 37. Rb6 Re8 38. R6b4 Rb8 39. g5 h5 40. Nd3 Nc4 41.
Kg3 Rba8 42. Ne5 Nd6 43. Ra1 Ra6 44. Kf4 b5 45. a5 Rxa5 46. Rc1 R5a6 47. f3 Nc4
48. e4 Nxe5 49. Kxe5 dxe4 50. fxe4 Kb6 51. Rb3 R6a7 52. Rbc3 Re8+ 53. Kf4 Rc7
54. Rc5 Ree7 55. Ra1 Red7 56. Ke3 Rd8 57. Rf1 Ra8 58. Rfc1 Ra3+ 59. Kf4 Ra8 60.
R1c2 Rd8 0-1

[Event "European Rapid 2017"]
[Site "Katowice POL"]
[Date "2017.12.17"]
[Round "7.75"]
[White "Jurkiewicz, Krzysztof"]
[Black "Kusiak, Matej"]
[Result "1/2-1/2"]
[WhiteElo "2040"]
[BlackElo "2280"]
[WhiteFideId "1103270"]
[BlackFideId "14911213"]
[EventDate "2017.12.16"]

1. d4 Nf6 2. c4 g6 3. Nc3 Bg7 4. e4 O-O 5. Be2 d6 6. Nf3 e5 7. d5 a5 8. Bg5 Na6
9. Nd2 Qe8 10. O-O h6 11. Be3 Nh7 12. g4 f5 13. gxf5 gxf5 14. Bh5 Qe7 15. exf5
Bxf5 16. Nde4 Qh4 17. Ng3 Bh3 18. Re1 Ng5 19. Bxg5 hxg5 20. Nce4 Rf4 21. a3 Raf8
22. b4 Bf5 23. f3 g4 24. Nxf5 Qxh5 25. Nfg3 Qg6 26. fxg4 Rxg4 27. Ra2 Rff4 28.
Rae2 Rf3 29. Re3 Rxe3 30. Rxe3 Bh6 31. Qxg4 Bxe3+ 32. Kf1 Qxg4 33. Nf6+ Kf7 34.
Nxg4 Bc1 35. bxa5 Bxa3 36. Ne4 Nc5 37. Ng5+ Kg6 38. Ne6 Kf5 39. Ne3+ Ke4 40. Nc2
Bc1 41. Nxc7 Kd3 42. Ne1+ Kxc4 43. h4 Na6 44. Ne8 Kxd5 45. Ke2 Ke6 46. Nd3 Bh6
47. Nf2 Ke7 48. Ng4 Bf8 49. Nef6 Ke6 50. Kf3 Kf5 51. Nd7 Bg7 52. Ne3+ Ke6 53.
Nb6 Nc5 54. Kg4 Nb3 55. Nf5 Bf8 56. h5 Nxa5 57. h6 Bxh6 58. Nxh6 d5 59. Nf5 Nc4
60. Na4 Kd7 61. Kf3 b5 62. Nc3 Kc6 63. Ne7+ Kc5 64. Ncxd5 b4 65. Nxb4 Kxb4 66.
Ke4 Kc5 67. Nf5 Nd6+ 68. Kxe5 Nxf5 69. Kxf5 1/2-1/2

[Event "European Rapid 2017"]
[Site "Katowice POL"]
[Date "2017.12.17"]
[Round "7.76"]
[White "Wiewiora, Eneasz"]
[Black "Szmyd, Arkadiusz"]
[Result "1-0"]
[WhiteTitle "FM"]
[WhiteElo "2320"]
[BlackElo "2101"]
[WhiteFideId "1140396"]
[BlackFideId "1124730"]
[EventDate "2017.12.16"]

1. e4 Nf6 2. e5 Nd5 3. c4 Nb6 4. d4 d6 5. exd6 exd6 6. Nc3 Be7 7. Bd3 Nc6 8.
Nge2 O-O 9. b3 g6 10. O-O Re8 11. Be3 Bg4 12. Qd2 Bxe2 13. Bxe2 Bf6 14. d5 Ne5
15. f4 Ned7 16. Rae1 Bg7 17. f5 Be5 18. Rf3 Nc5 19. Ref1 Qd7 20. f6 Kh8 21. Bxc5
Bxc3 22. Rxc3 Rxe2 23. Qxe2 dxc5 24. Re3 Rf8 25. Re7 Qd6 26. Qe3 1-0

[Event "European Rapid 2017"]
[Site "Katowice POL"]
[Date "2017.12.17"]
[Round "7.77"]
[White "Meissner, Felix"]
[Black "Olsen, Filip Boe"]
[Result "1-0"]
[WhiteTitle "FM"]
[BlackTitle "FM"]
[WhiteElo "2333"]
[BlackElo "2294"]
[WhiteFideId "24671827"]
[BlackFideId "1440640"]
[EventDate "2017.12.16"]

1. e4 c6 2. d4 d5 3. exd5 cxd5 4. Bd3 Nf6 5. c3 Bg4 6. Qb3 Qc8 7. h3 Bh5 8. Ne2
Bg6 9. Nf4 e6 10. Nxg6 hxg6 11. Bf4 Nc6 12. Nd2 Nh5 13. Bh2 g5 14. Nf3 Nf4 15.
Bxf4 gxf4 16. O-O Qc7 17. c4 Rd8 18. cxd5 Rxd5 19. Be4 Rd7 20. Rac1 Bd6 21. Qa4
O-O 22. Bxc6 bxc6 23. Rxc6 Qb7 24. Qc2 Rc7 25. Rxc7 Bxc7 26. Rc1 Bb6 27. Qc6 Qa6
28. a3 Qe2 29. Qc2 Qb5 30. b4 Rd8 31. Rd1 Rd5 32. Kh2 a5 33. bxa5 Qxa5 34. a4 g6
35. Qc4 Qa7 36. Kg1 Kg7 37. Kh1 Ra5 38. Ra1 Rd5 39. Rd1 Ra5 40. d5 exd5 41. Rxd5
Rxa4 42. Qc3+ Kg8 43. Qc8+ Kg7 44. Qc3+ Kg8 45. Qc8+ Kg7 46. Qc3+ Kg8 47. Rd1
Qc7 48. Qf6 Ra8 49. Ne5 Bxf2 50. Ng4 Bc5 51. Nh6+ Kh7 52. Nxf7 Rf8 53. Qh4+ Kg8
54. Ng5 Qe7 55. Re1 Be3 56. Qh6 Rf6 57. Ra1 Ba7 58. Rc1 Bc5 59. Rb1 Bb6 60. Rc1
Bc5 61. Ra1 Ba7 62. Nf3 Re6 63. Qxf4 Rf6 64. Rxa7 Qxa7 65. Qxf6 Qf2 66. Qxg6+
Kf8 67. Qf6+ Kg8 68. Qe6+ Kf8 69. Qe1 Qb6 70. Qf1 Kg8 71. Qd1 Qf2 72. Qd5+ Kf8
73. Qf5+ Kg8 74. Qg5+ Kf8 75. Kh2 Qb2 76. Ne5 Qd4 77. Qf6+ Ke8 78. Qf7+ 1-0

[Event "European Rapid 2017"]
[Site "Katowice POL"]
[Date "2017.12.17"]
[Round "7.78"]
[White "Kopec, Norbert"]
[Black "Dragnev, Valentin"]
[Result "0-1"]
[BlackTitle "IM"]
[WhiteElo "1686"]
[BlackElo "2458"]
[WhiteFideId "21817235"]
[BlackFideId "1634852"]
[EventDate "2017.12.16"]

1. e4 c6 2. Nc3 d5 3. Qf3 dxe4 4. Nxe4 Nf6 5. Nxf6+ exf6 6. Bc4 Bd6 7. Qe3+ Be7
8. Nf3 O-O 9. O-O Bf5 10. c3 Bd6 11. d4 Re8 12. Qd2 Qc7 13. h3 Be4 14. Qd1 Nd7
15. Nd2 Bg6 16. Bb3 c5 17. Nf3 Rad8 18. Be3 Bf4 19. Re1 Bxe3 20. Rxe3 Rxe3 21.
fxe3 Ne5 22. Nxe5 fxe5 23. d5 c4 24. Bc2 Bxc2 25. Qxc2 Rxd5 26. Rd1 Ra5 27. b4
cxb3 28. axb3 g6 29. Qd3 Kg7 30. c4 Qc5 31. Qc3 Qc7 32. b4 Ra6 33. Rd5 Re6 34.
Qd3 h5 35. Rd7 Qb6 36. b5 Rf6 37. Qe4 Rf5 38. Rxb7 Qa5 39. Qb1 Qd2 40. Qa1 Kh6
41. Rxa7 Qxe3+ 42. Kh1 Qe2 43. Ra2 Qxc4 44. Rb2 Rf1+ 0-1

[Event "European Rapid 2017"]
[Site "Katowice POL"]
[Date "2017.12.17"]
[Round "7.79"]
[White "Koscielski, Janusz"]
[Black "Jaskolka, Tomasz"]
[Result "1-0"]
[WhiteTitle "FM"]
[WhiteElo "2339"]
[BlackElo "2011"]
[WhiteFideId "4614437"]
[BlackFideId "1170791"]
[EventDate "2017.12.16"]

1. e4 e5 2. Nf3 Nc6 3. Nc3 Nf6 4. Bb5 Nd4 5. Bc4 Nxf3+ 6. Qxf3 Bc5 7. d3 h6 8.
Qg3 Qe7 9. Nd5 Nxd5 10. Bxd5 Qf6 11. Be3 Bb6 12. O-O g5 13. a4 c6 14. Bxb6 cxd5
15. Bc7 d6 16. d4 Kd7 17. dxe5 Qxe5 18. Qxe5 dxe5 19. Bxe5 Re8 20. Bg7 Rxe4 21.
Bxh6 f6 22. Rfe1 Ke6 23. Bf8 Bd7 24. Bb4 Rc8 25. c3 Bc6 26. f3 Re5 27. Bc5 Kf5
28. Bxa7 Ra8 29. Bd4 Rxe1+ 30. Rxe1 Rxa4 31. g4+ Kg6 32. Re6 Ra1+ 33. Kf2 Ra2
34. Rxf6+ Kh7 35. Kg3 Rxb2 36. h4 gxh4+ 37. Kxh4 Kg8 38. Kg5 Rg2 39. f4 Ba4 40.
f5 Bd1 41. Rg6+ Kf8 42. Kf4 Bc2 43. Ke5 Bd1 44. g5 Bc2 45. Rf6+ Kg8 46. g6 Rg5
47. Rf7 b5 48. Ke6 Rg4 49. Rh7 Re4+ 50. Kd6 Rxd4 51. cxd4 Bxf5 52. Kxd5 Bxg6 53.
Rb7 Bd3 54. Ke6 Kf8 55. d5 Bc4 56. Kd6 Ke8 57. Kc6 Be2 58. Rb8+ Kf7 59. d6 Bf3+
60. Kc7 1-0